Mapping class groups and moduli spaces of Riemann surfaces : Proceedings of Workshops held June 24-28, 1991, in Gottingen, Germany, and August 6-10, 1991, in Seattle, Washington with Support from the Sonderforschungsbereich 170 "Geometrie und Analysis" and the National Science Foundation

Αποθηκεύτηκε σε:
Λεπτομέρειες βιβλιογραφικής εγγραφής
Συγγραφή απο Οργανισμό/Αρχή: Workshop on Mapping Class Groups and Moduli Spaces of Riemann Surfaces Göttingen, Germany, and Seattle, Wash.
Άλλοι συγγραφείς: Bodigheimer, Carl-Friedrich, 1956- (Επιμελητής έκδοσης), Hain, Richard M. (Richard Martin), 1953-
Μορφή: Πρακτικό Συνεδρίου Βιβλίο
Γλώσσα:English
Δημοσίευση: Providence : American Mathematical Society, 1993.
Σειρά:Contemporary mathematics (American Mathematical Society) ; 150
Θέματα:
Ετικέτες: Προσθήκη ετικέτας
Δεν υπάρχουν, Καταχωρήστε ετικέτα πρώτοι!

MARC

LEADER 00000cam a2200000 i 4500
001 1/52354
008 950929s1993 riu ||| | eng||
020 |a 0821851675 
035 |a 1995  |c ΤΣΑΠΟΓΑΣ  |l 10044402 
040 |a GR-MyUA  |b gre  |e AACR2 
041 0 |a eng 
082 0 |a 515.9223  
111 2 |a Workshop on Mapping Class Groups and Moduli Spaces of Riemann Surfaces   |d (1991 :   |c Göttingen, Germany, and Seattle, Wash.) 
245 1 0 |a Mapping class groups and moduli spaces of Riemann surfaces :  |b Proceedings of Workshops held June 24-28, 1991, in Gottingen, Germany, and August 6-10, 1991, in Seattle, Washington with Support from the Sonderforschungsbereich 170 "Geometrie und Analysis" and the National Science Foundation /   |c Carl-Friedrich Bodigheimer, Richard M. Hain, Editors.  
260 |a Providence :   |b American Mathematical Society,   |c 1993.  
300 |a 372 σ. ;   |c 25 εκ.  
490 1 |a (Contemporary Mathematics   |v ; 150) 
650 0 0 |a Riemann surfaces  |x Congresses. 
650 0 0 |a Class groups (Mathematics)  |x Congresses. 
650 0 0 |a Moduli theory  |x Congresses. 
700 1 |a Bodigheimer, Carl-Friedrich,   |d 1956-  |e edt 
700 1 |a Hain, Richard M.   |q (Richard Martin),   |d 1953- 
830 0 |a Contemporary mathematics (American Mathematical Society) ;  |v  150 
852 |a INST  |b SAMOS  |e 19950929  |h 515.9223 WOR  |p 005300004841  |q 005300004841  |t BK  |y 0 
909 |a Σ  |b 042445